00414nam a2200145 a 450000100080000000500110000800800410001910000150006024500590007526000710013430000100020549000250021565000100024070000180025012191132016-11-22 1979 bl uuuu u0uu1 u #d1 aHEYSEN, M. aFarm butchering of sheep; limitations on farm killing. aAdelaide: Department of Agriculture South Australia, [1979].c1979 a26 p. a(Bulletin, n. 9/79). aOvino1 aJEFFERIES, B.